000 01667nam a2200361 c 4500
003 BLK
005 20180422101948.0
008 180408b bul|||||r ||||||| ||bul||
010 _aKNG00060067000
020 _a954-07-0223-2
_bиздат.: Унив. изд. Св. Климент Охридски
040 _aBLK
041 _aBUL
_cBUL
080 _aМакроикономика. Микроикономика
_b330.101.54
_x(072)
_z330.101.54(072)
100 1 _aЛейдлър, Дейвид
_eпърви автор
_988223
700 1 _aЕстрин, Сол
_eсъавт.
_9286618
700 1 _aСарийски, Цветан Емилов
_eпрев. от англ.
_9369259
700 1 _aБресковски, Васил
_eпрев. от англ.
_943248
139 _aЛейдлър, Дейвид и др.
_bЛ 40
245 1 0 _aУвод в микроикономиката
_bРъководство за преподаватели
_cДейвид Лейдлър; съавт. Сол Естрин; прев. от англ. Цветан Емилов Сарийски; прев. от англ. Васил Бресковски.
257 _aBGR
260 София
_bУнив. изд. Св. Климент Охридски
_c1993
300 _a171 с.
_c24 см
380 _a3
650 4 _aМикроикономика - методика на преподаване
_9286619
653 _aмакроикономика
653 _aметодика на преподаването
653 _aръководства
852 _aЦб 178796
856 4 _qpdf
_u
856 4 _qpdf
_u
942 _cKNG
_n0
944 _aCR
_c13.06.2004
_kРенета_Константинова
944 _aED
_c05.11.2014
_k
999 _c56090
_d56090